| Tag |
First Indicator |
Second Indicator |
Subfields |
| LEADER |
00000cam a2200000Mi 4500 |
| 001 |
in00003514321 |
| 006 |
m o d |
| 007 |
cr nn|008mamaa |
| 008 |
080306s1986 gw o 000 0 eng d |
| 005 |
20260421171759.7 |
| 020 |
|
|
|a 9783540472445 (electronic bk.)
|
| 020 |
|
|
|a 3540472444 (electronic bk.)
|
| 020 |
|
|
|z 9783540171805
|
| 020 |
|
|
|z 3540171800
|
| 035 |
|
|
|a (OCoLC)259623640
|
| 040 |
|
|
|a Nz
|b eng
|e pn
|c UX0
|d OCLCQ
|d UV0
|d GW5XE
|d OCLCF
|d OCLCQ
|d UtOrBLW
|
| 049 |
|
|
|a TXAM
|
| 050 |
|
4 |
|a QE1-996.5
|
| 082 |
0 |
4 |
|a 551
|2 23
|
| 100 |
1 |
|
|a Walliser, Otto H.
|
| 245 |
1 |
0 |
|a Global Bio-Events :
|b a Critical Approach. Proceedings of the First International Meeting of the IGCP Project 216:"Global Biological Events in Earth History" /
|c by Otto H. Walliser.
|
| 264 |
|
1 |
|a Berlin, Heidelberg :
|b Springer Berlin Heidelberg,
|c 1986.
|
| 300 |
|
|
|a 1 online resource.
|
| 336 |
|
|
|a text
|b txt
|2 rdacontent
|
| 337 |
|
|
|a computer
|b c
|2 rdamedia
|
| 338 |
|
|
|a online resource
|b cr
|2 rdacarrier
|
| 490 |
1 |
|
|a Lecture notes in earth sciences,
|x 0930-0317 ;
|v 8
|
| 500 |
|
|
|a Electronic resource.
|
| 650 |
|
0 |
|a Geography.
|
| 650 |
|
0 |
|a Geology.
|
| 650 |
|
0 |
|a Sedimentology.
|
| 650 |
|
0 |
|a Zoology.
|
| 650 |
|
7 |
|a Geography.
|2 fast
|0 (OCoLC)fst00940469
|
| 650 |
|
7 |
|a Geology.
|2 fast
|0 (OCoLC)fst00940627
|
| 650 |
|
7 |
|a Sedimentology.
|2 fast
|0 (OCoLC)fst01111003
|
| 650 |
|
7 |
|a Zoology.
|2 fast
|0 (OCoLC)fst01184696
|
| 655 |
|
7 |
|a Electronic books.
|2 local
|
| 710 |
2 |
|
|a SpringerLink (Online service)
|
| 830 |
|
0 |
|a Lecture notes in earth sciences ;
|v 8.
|x 0930-0317
|
| 856 |
4 |
0 |
|u http://proxy.library.tamu.edu/login?url=https://link.springer.com/10.1007/BFb0010185
|z Connect to the full text of this electronic book
|t 0
|
| 994 |
|
|
|a 92
|b TXA
|
| 999 |
|
|
|a MARS
|
| 999 |
f |
f |
|s e83e6cae-5db4-3e19-b0f2-cf983bc78a95
|i 6bf78584-125b-3e49-b340-3ee4eee85880
|t 0
|
| 952 |
f |
f |
|a Texas A&M University
|b College Station
|c Electronic Resources
|s www_evans
|d Available Online
|t 0
|e QE1-996.5
|h Library of Congress classification
|
| 998 |
f |
f |
|a QE1-996.5
|t 0
|l Available Online
|